Psychologie a sociologie v řízení firmy Cesty efektivního využití lidského potenciálu podniku

Uložené v:
Podrobná bibliografia
Hlavní autori: Bedrnová, Eva, 1946-, Nový, Ivan, 1956- (Autor)
Médium: Kniha
Jazyk:Slovak
Vydavateľské údaje: Praha Prospektrum, spol. s r.o. 1994
Vydanie:1. vyd.
Predmet:
On-line prístup:View in OPAC
Tagy: Pridať tag
Žiadne tagy, Buďte prvý, kto otaguje tento záznam!

MARC

LEADER 00000nam a2200000 a 4500
005 20260127134229.0
008 081122s1994 xo slo d
020 |a 8071750107 (viaz.)  |c 539.00 
035 |a vtls009439429 
035 |a BJKDG33827 
039 9 |a 201912111304  |b AUTHORITY  |c 201912111258  |d AUTHORITY  |c 201912111242  |d csnk01  |c 200902111138  |d mschk03  |y 200811221915  |z VLOAD 
040 |a BJKDG  |b slo  |c BJKDG  |d STUSCHK1 
041 0 |a slo 
080 |a 159.9 
080 |a 301 
080 |a 65.012.4 
100 1 |a Bedrnová, Eva,  |d 1946-  |9 871 
245 1 |a Psychologie a sociologie v řízení firmy  |b Cesty efektivního využití lidského potenciálu podniku  |c Eva Bedrnová 
250 |a 1. vyd. 
260 |a Praha  |b Prospektrum, spol. s r.o.  |c 1994 
300 |a 411 s. viaz. 
650 0 7 |a podnikové riadenie  |2 BJKDG 
650 0 7 |a psychológia  |2 BJKDG 
650 0 7 |a sociológia  |2 BJKDG 
655 7 |a učebnice vysokých škôl  |2 BJKDG 
700 1 |a Nový, Ivan,  |d 1956-  |4 aut  |9 104 
910 |a bjkdg 
910 |a SCHK95 
919 |a 80-7175-010-7 
999 |c 7283  |d 7283 
942 0 0 |0 1